000 00368 a2200157 4500
001 62326
020 _a9788580443264
040 _cAnchieta - Pituba
100 _aPernambuco, Carla
240 1 0 _aAs deliciosas férias de Beatriz
_lpor
245 1 0 _aAs deliciosas férias de Beatriz
300 _a56
362 0 _a2012
650 4 _aLiteratura juvenil
942 _cBK
999 _c62326
_d62326